000
00329nam a22001457a 4500
008
210312b ||||| |||| 00| 0 eng d
020
_a
9781111352516
041
_a
eng
080
_2
11th
_a
34
082
_a
34
100
_a
13
101
_a
JUR
245
_a
Juvenile Theory, Practice and Law
_c
Siegel, L. J
942
_2
udc
_c
BK
999
_c
56613
_d
56613